000 00438nab a2200145Ia 4500
003 ES-SlBCS
005 20210601125244.0
008 140529s1981 xxu||||| |||| 00| 0 eng d
041 _aeng
100 1 _aAckermann, Robert
_9155062
245 0 0 _aContext Dependent Knowledge
_c Robert Ackermann
650 0 4 _aConocimiento
_9113574
773 0 _tPhilosophy and Phenomenological Research
_gvol. 42, 1981, págs. 425-432
_wRev1411
942 _cAR
999 _c527331
_d527331